00586nam a2200169Ia 4500001001000000003000500010008004100015010001100056040000900067082002000076100002300096245008000119300000900199440001600208500011600224650007600340Para_8663CHAP220125s9999 xx 000 0 und d a207474 cCHAP aPA-C 595.752 A6 aTakahashi, Ryoichi aAdditions to the aphid fauna of formosa (Hemiptera) /c Ryoichi, Takahashi a5 p. aAphidae; 30 aSobretiro de: The Philippine Journal of Science, 48 (1): 69-73, 1932. Encuadernado con otros impresos similares ax Afididos x Colecciones de escritos x AfididosxFormosax Hemiptera